| 000 | 00527nam a2200205 a 4500 | ||
|---|---|---|---|
| 001 | 7117 | ||
| 005 | 20180713191016.0 | ||
| 008 | 140415s1990 mx 000 0 spa d | ||
| 041 | _aspa | ||
| 082 |
_a302.2 _bBIT |
||
| 100 | 1 | _aBITTI, PIO E. RICCI | |
| 245 | 1 | 3 | _aLA COMUNICACION COMO PROCESO SOCIAL |
| 250 | _a1a ed. | ||
| 260 |
_aMEXICO : _bGRIJALVO, _c1990 |
||
| 300 | _a290 | ||
| 490 |
_aLOS NOVENTA _v41 |
||
| 650 | 1 | 4 | _aCOMUNICACION |
| 700 | 1 |
_aARBOLI, MANUEL _etr. |
|
| 700 | 1 |
_aZANI, BRUNA _ecoaut. |
|
| 999 |
_c7117 _d7117 |
||